[Event "Nova Gorica op-B 15th"]
[Site "Nova Gorica"]
[Date "2010.02.06"]
[Round "9"]
[White "Miele, Roberto"]
[Black "Savli, Marko"]
[Result "1-0"]
[WhiteElo "1875"]
[BlackElo "1649"]
[PlyCount "49"]
[EventDate "2010.01.31"]
[EventType "swiss"]
[EventRounds "9"]
[EventCountry "SLO"]
[SourceTitle "CBM 134 Extra"]
[Source "ChessBase"]
[SourceDate "2010.03.03"]
[SourceVersion "1"]
[SourceVersionDate "2010.03.03"]
[SourceQuality "1"]

1. e4 e6 2. d4 d5 3. e5 c5 4. c3 Nc6 5. Nf3 Qb6 6. Bd3 Bd7 7. dxc5 Bxc5 8. 0-0 f6 9. Qe2 Qc7 10. Bf4 f5 11. b4 Bf8 12. Na3 a6 13. Nc2 Nge7 14. Ncd4 g6 15. b5 axb5 16. Nxb5 Qb8 17. Nd6+ Kd8 18. Nf7+ Ke8 19. Nd6+ Kd8 20. Nf7+ Ke8 21. Nxh8 Bg7 22. Nxg6 Nxg6 23. Bg5 Ngxe5 24. Nxe5 Nxe5 25. Rfe1 1-0

[Event "Nova Gorica op-B 15th"]
[Site "Nova Gorica"]
[Date "2010.02.02"]
[Round "4"]
[White "Miele, Roberto"]
[Black "Samblic, Silvano"]
[Result "0-1"]
[WhiteElo "1875"]
[BlackElo "2027"]
[PlyCount "49"]
[EventDate "2010.01.31"]
[EventType "swiss"]
[EventRounds "9"]
[EventCountry "SLO"]
[SourceTitle "CBM 134 Extra"]
[Source "ChessBase"]
[SourceDate "2010.03.03"]
[SourceVersion "1"]
[SourceVersionDate "2010.03.03"]
[SourceQuality "1"]

1. e4 c6 2. d4 d5 3. Nc3 dxe4 4. Nxe4 Bf5 5. Ng3 Bg6 6. h4 h6 7. Nf3 Nf6 8. Bd3 Bxd3 9. Qxd3 e6 10. Bd2 Nbd7 11. 0-0-0 Be7 12. Qe2 Qc7 13. Rhe1 0-0 14. Ne5 c5 15. Nxd7 Qxd7 16. dxc5 Qa4 17. Kb1 Bxc5 18. Qf3 Qg4 19. Qb3 Bxf2 20. Rf1 Bxg3 21. Bc3 Rfd8 22. Rc1 Ne4 23. Rf3 Be5 24. Re1 Bf4 25. Qxb7 0-1

[Event "Nova Gorica op-B 15th"]
[Site "Nova Gorica"]
[Date "2010.01.31"]
[Round "2"]
[White "Miele, Roberto"]
[Black "Lakovic, Igor"]
[Result "0-1"]
[WhiteElo "1875"]
[BlackElo "1934"]
[PlyCount "74"]
[EventDate "2010.01.31"]
[EventType "swiss"]
[EventRounds "9"]
[EventCountry "SLO"]
[SourceTitle "CBM 134 Extra"]
[Source "ChessBase"]
[SourceDate "2010.03.03"]
[SourceVersion "1"]
[SourceVersionDate "2010.03.03"]
[SourceQuality "1"]

1. e4 e5 2. Nf3 Nc6 3. d4 exd4 4. Bc4 Nf6 5. 0-0 Nxe4 6. Re1 d5 7. Bxd5 Qxd5 8. Nc3 Qa5 9. Rxe4+ Be6 10. Ne2 0-0-0 11. Bg5 Rd5 12. Bd2 Bb4 13. Bxb4 Qxb4 14. Nf4 Rd6 15. Nd3 Qa5 16. a3 Rhd8 17. b4 Qd5 18. Qe1 Bf5 19. Re2 f6 20. Nf4 Qc4 21. Nd2 Qb5 22. Nb3 g5 23. Ne6 Bxe6 24. Rxe6 Qf5 25. Rxd6 Rxd6 26. Qe2 Ne5 27. Nc5 d3 28. cxd3 b6 29. Ne4 Rxd3 30. Ng3 Qd7 31. h3 Qd4 32. Qa2 Rxg3 33. Qg8+ Kb7 34. Rc1 Rc3 35. Rf1 h5 36. Qh7 g4 37. Qf5 gxh3 0-1

[Event "Nova Gorica op-B 14th"]
[Site "Nova Gorica"]
[Date "2009.02.07"]
[Round "9"]
[White "Kersic, Matej"]
[Black "Miele, Roberto"]
[Result "1/2-1/2"]
[WhiteElo "2166"]
[BlackElo "1890"]
[PlyCount "121"]
[EventDate "2009.01.31"]
[EventType "swiss"]
[EventRounds "9"]
[EventCountry "SLO"]
[SourceTitle "EXT 2011"]
[Source "ChessBase"]
[SourceDate "2010.11.26"]
[SourceVersion "1"]
[SourceVersionDate "2010.11.26"]
[SourceQuality "1"]

1. e4 e5 2. Nf3 Nc6 3. Bc4 Nf6 4. d3 Be7 5. 0-0 d6 6. c3 0-0 7. Re1 Na5 8. Bb5 a6 9. Ba4 b5 10. Bc2 c5 11. d4 Qc7 12. Nbd2 Bg4 13. h3 Bh5 14. d5 Rfc8 15. Qe2 Rab8 16. b3 Rb6 17. Nf1 b4 18. c4 Qd8 19. Ng3 Bxf3 20. Qxf3 g6 21. Bd2 Nb7 22. a3 a5 23. axb4 axb4 24. Ra4 Ra8 25. Rea1 Rxa4 26. Rxa4 Qc8 27. Qd1 Nd8 28. Qa1 Nd7 29. Ra5 Nb8 30. Qa4 Kg7 31. Bd1 h5 32. Bxh5 Bh4 33. Bg4 Qc7 34. Qe8 Qe7 35. Qa4 Qc7 36. Ne2 Qe7 37. g3 Bf6 38. Kg2 Rb7 39. Ng1 Nd7 40. Nf3 Nf8 41. h4 Nh7 42. Ra8 Qc7 43. Qe8 Qe7 44. Qxe7 Bxe7 45. h5 gxh5 46. Bxh5 Nf6 47. Bg5 Rd7 48. Nh4 Kf8 49. Nf5 Nxh5 50. Bxe7+ Rxe7 51. Rxd8+ Re8 52. Rxe8+ Kxe8 53. Nxd6+ Ke7 54. Nb7 Nf6 55. Kf3 Nd7 56. Kg4 Kf6 57. f4 Ke7 58. Kf5 f6 59. fxe5 fxe5 60. g4 Kf7 61. g5 1/2-1/2

[Event "Nova Gorica op-B 13th"]
[Site "Nova Gorica"]
[Date "2008.01.30"]
[Round "7"]
[White "Miele, Roberto"]
[Black "Gregori, Giuliano"]
[Result "1-0"]
[WhiteElo "1902"]
[BlackElo "1500"]
[PlyCount "35"]
[EventDate "2008.01.26"]
[EventType "swiss"]
[EventRounds "9"]
[EventCountry "SLO"]
[SourceTitle "EXT 2010"]
[Source "ChessBase"]
[SourceDate "2010.11.25"]
[SourceVersion "1"]
[SourceVersionDate "2010.11.25"]
[SourceQuality "1"]

1. e4 e5 2. Nf3 Nf6 3. Bc4 Nc6 4. d4 exd4 5. Ng5 Bb4+ 6. c3 d5 7. exd5 Bg4 8. f3 b5 9. Bxb5 Qxd5 10. Bxc6+ Qxc6 11. cxb4 0-0-0 12. 0-0 Rhe8 13. fxg4 d3 14. Nc3 Re2 15. Nxe2 Qb6+ 16. Kh1 Nxg4 17. Nf4 Qg1+ 18. Kxg1 1-0

[Event "Nova Gorica op-B 13th"]
[Site "Nova Gorica"]
[Date "2008.01.27"]
[Round "3"]
[White "Miele, Roberto"]
[Black "Pegan, Filip"]
[Result "1-0"]
[WhiteElo "1902"]
[BlackElo "1500"]
[PlyCount "51"]
[EventDate "2008.01.26"]
[EventType "swiss"]
[EventRounds "9"]
[EventCountry "SLO"]
[SourceTitle "EXT 2010"]
[Source "ChessBase"]
[SourceDate "2010.11.25"]
[SourceVersion "1"]
[SourceVersionDate "2010.11.25"]
[SourceQuality "1"]

1. e4 e5 2. Nf3 Nf6 3. Bc4 Bc5 4. 0-0 Nxe4 5. Nc3 Nxf2 6. Rxf2 Bxf2+ 7. Kxf2 Nc6 8. d3 0-0 9. Bg5 Qe8 10. Nd5 f6 11. Nxf6+ Kh8 12. Nxe8 Rxe8 13. Qd2 b6 14. Re1 d6 15. Bd5 Bb7 16. Qc3 Na5 17. Bxb7 Nxb7 18. Kg1 Rec8 19. Be3 Rab8 20. Ng5 Na5 21. b4 Nb7 22. Nf7+ Kg8 23. Qb3 Kf8 24. Rf1 Ke7 25. Ng5 h6 26. Qe6+ 1-0

[Event "Trieste op 09th"]
[Site "Trieste"]
[Date "2007.09.03"]
[Round "4"]
[White "Heikkila, Antti"]
[Black "Miele, Roberto"]
[Result "1-0"]
[WhiteElo "2071"]
[BlackElo "1900"]
[PlyCount "99"]
[EventDate "2007.09.01"]
[EventType "swiss"]
[EventRounds "9"]
[EventCountry "ITA"]
[SourceTitle "CBM 120 Extra"]
[Source "ChessBase"]
[SourceDate "2007.11.01"]
[SourceVersion "1"]
[SourceVersionDate "2007.11.01"]
[SourceQuality "1"]

1. d4 Nf6 2. c4 g6 3. Nc3 Bg7 4. e4 d6 5. f3 0-0 6. Be3 e5 7. d5 Nbd7 8. Nh3 Nc5 9. Nf2 a5 10. Nd3 Nxd3+ 11. Bxd3 Nh5 12. Qd2 Re8 13. 0-0-0 a4 14. a3 Bf6 15. Bc2 Bd7 16. Rdg1 Qb8 17. Qd1 b5 18. cxb5 Bxb5 19. Bxa4 Bxa4 20. Nxa4 Qb5 21. Nc3 Qc4 22. Qf1 Qb3 23. Qb5 Reb8 24. Qxb3 Rxb3 25. Kc2 Rab8 26. Bc1 h6 27. Na2 R3b6 28. Nb4 Nf4 29. g3 Ne2 30. Be3 Nd4+ 31. Bxd4 exd4 32. Kd3 Kf8 33. Rc1 R8b7 34. Rc4 Ke8 35. Rhc1 Kd7 36. Rc6 Rb5 37. Ra6 Bd8 38. Rc2 Bf6 39. Ra4 h5 40. Rc6 h4 41. Rca6 g5 42. f4 hxg3 43. hxg3 gxf4 44. gxf4 Bh4 45. R6a5 R5b6 46. Ra8 Bg3 47. Nc6 Bh4 48. b4 Rb5 49. Rh8 R7b6 50. Rxh4 1-0

[Event "Trieste op 09th"]
[Site "Trieste"]
[Date "2007.09.02"]
[Round "2"]
[White "Miele, Roberto"]
[Black "Capaliku, Aleks"]
[Result "0-1"]
[WhiteElo "1900"]
[BlackElo "2112"]
[PlyCount "134"]
[EventDate "2007.09.01"]
[EventType "swiss"]
[EventRounds "9"]
[EventCountry "ITA"]
[SourceTitle "CBM 120 Extra"]
[Source "ChessBase"]
[SourceDate "2007.11.01"]
[SourceVersion "1"]
[SourceVersionDate "2007.11.01"]
[SourceQuality "1"]

1. e4 c5 2. Nf3 e6 3. d4 cxd4 4. Nxd4 Nf6 5. Nc3 d6 6. Bc4 a6 7. Bb3 b5 8. f3 Bb7 9. Be3 b4 10. Na4 Nbd7 11. Qd2 Qa5 12. a3 d5 13. axb4 Bxb4 14. c3 Be7 15. exd5 Nxd5 16. Bxd5 Bxd5 17. 0-0 Ne5 18. b4 Qc7 19. Nb2 Nc4 20. Nxc4 Qxc4 21. Ra5 0-0 22. Rc1 Rfd8 23. Qe1 Bf8 24. Rca1 Rdc8 25. Bd2 Bd6 26. Qe3 f6 27. Nc2 Qc7 28. f4 Qb7 29. Qf2 e5 30. Ne3 Bf7 31. Nf5 Bb8 32. Qg3 Bg6 33. Qg4 exf4 34. Ne7+ Qxe7 35. Qxc8+ Be8 36. Qc4+ Bf7 37. Qc8+ Be8 38. Qf5 Ba7+ 39. Kh1 Rd8 40. Rd5 g6 41. Qd3 Rb8 42. Bxf4 Rb6 43. Be3 Re6 44. Bxa7 Qxa7 45. Rd6 Re5 46. Rdxa6 Qf2 47. Qf1 Qxf1+ 48. Rxf1 Bb5 49. Ra8+ Kg7 50. Rc1 Re2 51. Kg1 Bc6 52. Ra7+ Kh6 53. Rc7 Bxg2 54. Rd1 Be4 55. Rdd7 g5 56. Re7 g4 57. Re6 Kg5 58. Rc5+ f5 59. Kf1 Re3 60. Kf2 Kf4 61. b5 Rh3 62. Kg1 Rd3 63. Kf2 Rd2+ 64. Ke1 Rxh2 65. Rxe4+ Kxe4 66. Rc4+ Ke3 67. Kd1 g3 0-1

[Event "Trieste op 08th"]
[Site "Trieste"]
[Date "2006.09.08"]
[Round "8"]
[White "Miele, Roberto"]
[Black "Cadelli, Luciano"]
[Result "0-1"]
[WhiteElo "1870"]
[BlackElo "2088"]
[PlyCount "55"]
[EventDate "2006.09.02"]
[EventType "swiss"]
[EventRounds "9"]
[EventCountry "ITA"]
[SourceTitle "CBM 114 Extra"]
[Source "ChessBase"]
[SourceDate "2006.11.03"]
[SourceVersion "1"]
[SourceVersionDate "2006.11.03"]
[SourceQuality "1"]

1. e4 e5 2. Nf3 Nc6 3. Bc4 Nf6 4. d3 Be7 5. Nc3 d6 6. h3 h6 7. Be3 a6 8. a3 Bd7 9. Qd2 Be6 10. Nd5 Qd7 11. b4 b5 12. Bb3 0-0 13. g4 Nh7 14. g5 h5 15. g6 fxg6 16. Ng5 Nxg5 17. Bxg5 Bxg5 18. Qxg5 Qf7 19. 0-0-0 Nd4 20. Ne7+ Kh7 21. Bd5 Bxd5 22. Nxd5 c6 23. Nc3 a5 24. bxa5 Rxa5 25. Kb2 Rfa8 26. Nb1 b4 27. c4 bxc3+ 28. Nxc3 0-1

[Event "Trieste op 08th"]
[Site "Trieste"]
[Date "2006.09.04"]
[Round "4"]
[White "Miele, Roberto"]
[Black "Vitri, Sergio"]
[Result "0-1"]
[WhiteElo "1870"]
[BlackElo "2105"]
[PlyCount "120"]
[EventDate "2006.09.02"]
[EventType "swiss"]
[EventRounds "9"]
[EventCountry "ITA"]
[SourceTitle "CBM 114 Extra"]
[Source "ChessBase"]
[SourceDate "2006.11.03"]
[SourceVersion "1"]
[SourceVersionDate "2006.11.03"]
[SourceQuality "1"]

1. e4 Nf6 2. e5 Nd5 3. c4 Nb6 4. c5 Nd5 5. Bc4 c6 6. Nc3 Nxc3 7. dxc3 d6 8. cxd6 exd6 9. Bf4 d5 10. Bd3 Bc5 11. Nf3 Bg4 12. Qc2 Nd7 13. 0-0-0 Nf8 14. Rde1 Ne6 15. Be3 h5 16. h4 Qe7 17. Nd2 Nc7 18. Nb3 Bb6 19. f3 Be6 20. Nd4 Bxd4 21. cxd4 Qb4 22. Bf2 0-0-0 23. Kb1 Nb5 24. Bxb5 Qxb5 25. Re3 g6 26. Ka1 Bf5 27. Qd2 Rhe8 28. Rb3 Qa6 29. Rc1 Re6 30. Ra3 Qb6 31. Rc5 Kd7 32. Be1 Ra8 33. Qc1 Qc7 34. Rac3 Rc8 35. Ra3 b6 36. Rcc3 Ke8 37. Qh6 a5 38. Bd2 Qe7 39. g3 Qb4 40. Qe3 Qb5 41. Rc1 Kd7 42. Qf4 Qe2 43. Rac3 Rc7 44. Rb3 b5 45. Bxa5 Ra7 46. Bb4 Re8 47. g4 hxg4 48. fxg4 Qxg4 49. Qf2 Rea8 50. a3 Qe4 51. Rbc3 Ra6 52. Qg3 Be6 53. Qg5 Re8 54. Bd6 Qxd4 55. Qg2 b4 56. Rb3 Rxa3+ 57. Rxa3 bxa3 58. Qc2 axb2+ 59. Qxb2 Ra8+ 60. Ba3 Rxa3+ 0-1

[Event "Trieste op 08th"]
[Site "Trieste"]
[Date "2006.09.03"]
[Round "2"]
[White "Mazi, Leon"]
[Black "Miele, Roberto"]
[Result "1-0"]
[WhiteElo "2350"]
[BlackElo "1870"]
[PlyCount "130"]
[EventDate "2006.09.02"]
[EventType "swiss"]
[EventRounds "9"]
[EventCountry "ITA"]
[SourceTitle "CBM 114 Extra"]
[Source "ChessBase"]
[SourceDate "2006.11.03"]
[SourceVersion "1"]
[SourceVersionDate "2006.11.03"]
[SourceQuality "1"]

1. e4 e5 2. Nf3 Nc6 3. Bb5 a6 4. Ba4 Nf6 5. Bxc6 dxc6 6. d3 Bd6 7. Nbd2 Qe7 8. Nc4 Bg4 9. h3 Bh5 10. Bd2 b5 11. Ne3 Bg6 12. Nh4 Bc5 13. Nhf5 Qf8 14. Qf3 Bxe3 15. Nxe3 Qd6 16. Nf5 Bxf5 17. Qxf5 0-0 18. f4 Rfe8 19. Bc3 Nd7 20. 0-0 f6 21. Rad1 b4 22. Be1 c5 23. Rf3 Qe6 24. fxe5 Qxf5 25. Rxf5 Rxe5 26. Rf1 Re7 27. a3 a5 28. Ra1 Ree8 29. Rf5 c6 30. Bg3 Ne5 31. axb4 cxb4 32. b3 c5 33. Kf2 Re6 34. Ke3 g6 35. Rff1 Nc6 36. Kd2 Nd4 37. Bf2 Kg7 38. Be3 g5 39. Ra4 Re7 40. Rf2 h6 41. Ke1 Rd7 42. Bxd4 cxd4 43. Rf5 Rc8 44. Rfxa5 Rdc7 45. Ra7 f5 46. Rxc7+ Rxc7 47. exf5 Kf6 48. Rxb4 Ke5 49. Kd2 Rd7 50. c3 dxc3+ 51. Kxc3 Kxf5 52. g4+ Ke5 53. Re4+ Kf6 54. b4 Rc7+ 55. Rc4 Re7 56. b5 Rb7 57. Kb4 Ke5 58. Rc6 Kd4 59. b6 Kxd3 60. Rxh6 Re7 61. Kc5 Ke3 62. Kc6 Kf4 63. b7 Re8 64. Kc7 Re7+ 65. Kb6 Ke5 1-0

[Event "Lucija Domen op 1st"]
[Site "Lucija"]
[Date "2006.05.08"]
[Round "6"]
[White "Skok, Joze"]
[Black "Miele, Roberto"]
[Result "1-0"]
[WhiteElo "2099"]
[BlackElo "1881"]
[PlyCount "53"]
[EventDate "2006.05.05"]
[EventType "swiss"]
[EventRounds "7"]
[EventCountry "SLO"]
[SourceTitle "EXT 2008"]
[Source "ChessBase"]
[SourceDate "2007.11.25"]
[SourceVersion "1"]
[SourceVersionDate "2007.11.25"]
[SourceQuality "1"]

1. e4 Nc6 2. Nf3 d6 3. h3 e5 4. d4 exd4 5. Nxd4 Nxd4 6. Qxd4 Qf6 7. Qd3 Ne7 8. Nc3 a6 9. Be3 Be6 10. 0-0-0 Nc6 11. Nd5 Bxd5 12. exd5 Ne5 13. Qe4 Qg6 14. Qa4+ Nd7 15. Bb5 Rd8 16. Bd3 Qf6 17. Rhe1 Be7 18. g4 h6 19. Kb1 0-0 20. Qe4 g6 21. Bd4 Ne5 22. f4 c5 23. fxe5 dxe5 24. Bxe5 Qb6 25. Bc3 Bd6 26. Qf3 c4 27. Qf6 1-0

[Event "Lucija Domen op 1st"]
[Site "Lucija"]
[Date "2006.05.07"]
[Round "5"]
[White "Miele, Roberto"]
[Black "Harcet, Franjo"]
[Result "1-0"]
[WhiteElo "1881"]
[BlackElo "1919"]
[PlyCount "49"]
[EventDate "2006.05.05"]
[EventType "swiss"]
[EventRounds "7"]
[EventCountry "SLO"]
[SourceTitle "EXT 2008"]
[Source "ChessBase"]
[SourceDate "2007.11.25"]
[SourceVersion "1"]
[SourceVersionDate "2007.11.25"]
[SourceQuality "1"]

1. e4 c5 2. Nf3 Nc6 3. d4 cxd4 4. Nxd4 e5 5. Nb5 d6 6. N1c3 a6 7. Na3 Nf6 8. Bg5 Be7 9. Bxf6 Bxf6 10. Nd5 Be6 11. Nc4 Bxd5 12. Qxd5 Be7 13. c3 0-0 14. Rd1 Qc7 15. Be2 b5 16. Ne3 b4 17. Rc1 Qb7 18. 0-0 bxc3 19. Rxc3 Nd8 20. Qxb7 Nxb7 21. Rc7 Nc5 22. Rxe7 Rfc8 23. Bc4 Nxe4 24. Bd5 Nd2 25. Rd1 1-0

[Event "Trieste op-B 7th"]
[Site "Trieste"]
[Date "2005.09.09"]
[Round "8"]
[White "Masella, Vincenzo"]
[Black "Miele, Roberto"]
[Result "0-1"]
[WhiteElo "1697"]
[BlackElo "1860"]
[PlyCount "100"]
[EventDate "2005.09.03"]
[EventType "swiss"]
[EventRounds "9"]
[EventCountry "ITA"]
[SourceTitle "EXT 2023"]
[Source "ChessBase"]
[SourceDate "2022.10.05"]
[SourceVersion "1"]
[SourceVersionDate "2022.10.05"]
[SourceQuality "1"]

1. c4 g6 2. g3 Bg7 3. Bg2 e5 4. d3 Nc6 5. Nc3 d6 6. a3 Nge7 7. Nf3 0-0 8. Rb1 Nf5 9. 0-0 h6 10. Bd2 Ncd4 11. e3 Nxf3+ 12. Bxf3 c6 13. Bg2 Be6 14. Qc1 Kh7 15. b3 d5 16. Rd1 Ne7 17. e4 f5 18. f3 fxe4 19. fxe4 Qb6+ 20. Kh1 d4 21. Na4 Qc7 22. Rf1 Bg4 23. Qe1 b6 24. h3 Rxf1+ 25. Bxf1 Bf3+ 26. Bg2 Rf8 27. Nb2 Qd6 28. Bxf3 Rxf3 29. Kg2 Rf7 30. b4 Ng8 31. Qe2 Nf6 32. Rf1 a5 33. Be1 axb4 34. axb4 h5 35. Qc2 Qf8 36. Na4 Qd8 37. c5 b5 38. Nb6 Qf8 39. Qa2 Bh6 40. Qe6 Bg7 41. Qxc6 Ng4 42. Rxf7 Ne3+ 43. Kh2 Qxf7 44. Nd5 Qf1 45. Nxe3 dxe3 46. Bc3 Qe2+ 47. Kh1 Qd1+ 48. Kg2 Qc2+ 49. Kh1 Qxc3 50. Qxb5 e2 0-1

[Event "Portoroz op"]
[Site "Portoroz"]
[Date "2005.04.26"]
[Round "1"]
[White "Orel, Oskar"]
[Black "Miele, Roberto"]
[Result "1-0"]
[WhiteElo "2280"]
[BlackElo "1877"]
[PlyCount "77"]
[EventDate "2005.04.26"]
[EventType "swiss"]
[EventRounds "7"]
[EventCountry "SLO"]
[SourceTitle "EXT 2006"]
[Source "ChessBase"]
[SourceDate "2005.11.24"]
[SourceVersion "1"]
[SourceVersionDate "2005.11.24"]
[SourceQuality "1"]

1. e4 Nc6 2. Nf3 e5 3. Bc4 Nf6 4. Nc3 Be7 5. d4 exd4 6. Nxd4 Nxd4 7. Qxd4 d6 8. 0-0 0-0 9. h3 Bd7 10. Re1 Bc6 11. b4 b6 12. Bb2 Nd7 13. Nd5 Bf6 14. Nxf6+ Qxf6 15. Qxf6 Nxf6 16. e5 dxe5 17. Bxe5 Bb7 18. Bxf6 gxf6 19. Re7 Rac8 20. Rd1 a6 21. Rdd7 Bc6 22. Rxc7 Rxc7 23. Rxc7 Be4 24. Bxa6 Bd5 25. c4 Be6 26. a4 Rd8 27. Rc6 Rd1+ 28. Kh2 Ra1 29. Bc8 Rxa4 30. Bxe6 fxe6 31. Rxb6 Kf7 32. c5 Ra2 33. Rb7+ Ke8 34. c6 Kd8 35. b5 Rc2 36. Rxh7 Rc5 37. Rb7 Ke8 38. Kg3 Rc4 39. Rc7 1-0

[Event "Trieste op-B 06th"]
[Site "Trieste"]
[Date "2004.09.07"]
[Round "4"]
[White "Miele, Roberto"]
[Black "Orsatti, Marcello"]
[Result "0-1"]
[WhiteElo "1877"]
[BlackElo "1644"]
[PlyCount "80"]
[EventDate "2004.09.04"]
[EventType "swiss"]
[EventRounds "9"]
[EventCountry "ITA"]
[SourceTitle "CBM 102 Extra"]
[Source "ChessBase"]
[SourceDate "2004.11.03"]
[SourceVersion "1"]
[SourceVersionDate "2004.11.03"]
[SourceQuality "1"]

1. e4 c6 2. d4 d5 3. Nc3 dxe4 4. Nxe4 Nf6 5. Ng3 e6 6. Nf3 Bd6 7. Bd3 0-0 8. Bg5 Nbd7 9. Qe2 h6 10. h4 Re8 11. Ne5 Qc7 12. Nxd7 Nxd7 13. Nf5 hxg5 14. hxg5 Bf4 15. Rh7 Qa5+ 16. c3 exf5 17. Rh8+ Kxh8 18. Qxe8+ Kh7 19. Qxf7 Nf6 20. gxf6 Qc7 21. Qh5+ Bh6 22. f7 Qe7+ 23. Kf1 g6 24. Re1 Qxf7 25. Qh4 g5 26. Qh2 Bd7 27. Qd6 Bf8 28. Qh2+ Bh6 29. Qd6 Bf8 30. Qh2+ Kg7 31. Re3 f4 32. Re5 Kf6 33. Qh8+ Qg7 34. Qh5 Bd6 35. Re1 Rh8 36. Qf3 Rh1+ 37. Ke2 Qe7+ 38. Be4 Rxe1+ 39. Kxe1 Bf5 40. Qh5 Qxe4+ 0-1

[Event "Trieste op-B 06th"]
[Site "Trieste"]
[Date "2004.09.04"]
[Round "1"]
[White "Patino, Zuliani Nicolas"]
[Black "Miele, Roberto"]
[Result "1/2-1/2"]
[WhiteElo "1446"]
[BlackElo "1877"]
[PlyCount "37"]
[EventDate "2004.09.04"]
[EventType "swiss"]
[EventRounds "9"]
[EventCountry "ITA"]
[SourceTitle "CBM 102 Extra"]
[Source "ChessBase"]
[SourceDate "2004.11.03"]
[SourceVersion "1"]
[SourceVersionDate "2004.11.03"]
[SourceQuality "1"]

1. d4 Nf6 2. c4 g6 3. Nc3 Bg7 4. e4 d6 5. Nf3 0-0 6. Be2 e5 7. d5 Nbd7 8. 0-0 Ne8 9. Be3 f5 10. Ng5 Ndf6 11. f4 h6 12. fxe5 dxe5 13. Nf3 f4 14. Bc5 Nd6 15. Nxe5 Nfxe4 16. Nxg6 Nxc5 17. Nxf8 Qxf8 18. Bh5 Qf6 19. Kh1 1/2-1/2

[Event "Trieste op 4th"]
[Site "Trieste"]
[Date "2002.11.01"]
[Round "5"]
[White "Miele, Roberto"]
[Black "Capaliku, Aleks"]
[Result "0-1"]
[WhiteElo "1705"]
[BlackElo "1786"]
[PlyCount "76"]
[EventDate "2002.10.26"]
[EventType "swiss"]
[EventRounds "7"]
[EventCountry "ITA"]
[SourceTitle "EXT 2005"]
[Source "ChessBase"]
[SourceDate "2004.11.15"]
[SourceVersion "1"]
[SourceVersionDate "2004.11.15"]
[SourceQuality "1"]

1. e4 c5 2. Nf3 e6 3. d4 cxd4 4. Nxd4 Nf6 5. Nc3 d6 6. Bc4 a6 7. Bb3 Be7 8. Qe2 0-0 9. Be3 b5 10. f3 Qc7 11. g4 Nc6 12. Nxc6 Qxc6 13. 0-0-0 Nd7 14. h4 Nc5 15. g5 b4 16. Bxc5 Qxc5 17. Na4 Qa5 18. c3 Bd7 19. cxb4 Qxb4 20. Nc3 Rfc8 21. Qe3 d5 22. exd5 Bd6 23. Kb1 e5 24. h5 a5 25. Bc2 Rab8 26. Bxh7+ Kxh7 27. g6+ Kg8 28. gxf7+ Kxf7 29. Rh2 Rxc3 30. Qg5 Rxf3 31. h6 Qg4 32. Qxg4 Bxg4 33. Rg1 Bf5+ 34. Ka1 g6 35. h7 Kg7 36. Rgh1 Rh8 37. a3 e4 38. b4 Bxh2 0-1

[Event "Trieste op 4th"]
[Site "Trieste"]
[Date "2002.10.27"]
[Round "3"]
[White "Brunato, Davide"]
[Black "Miele, Roberto"]
[Result "0-1"]
[WhiteElo "1717"]
[BlackElo "1705"]
[PlyCount "114"]
[EventDate "2002.10.26"]
[EventType "swiss"]
[EventRounds "7"]
[EventCountry "ITA"]
[SourceTitle "EXT 2005"]
[Source "ChessBase"]
[SourceDate "2004.11.15"]
[SourceVersion "1"]
[SourceVersionDate "2004.11.15"]
[SourceQuality "1"]

1. d4 Nf6 2. c4 g6 3. Nc3 Bg7 4. e4 d6 5. Nf3 0-0 6. Be2 e5 7. d5 Nbd7 8. 0-0 Nc5 9. Qc2 Nh5 10. b4 Na6 11. Rb1 f5 12. Ne1 Nf6 13. f3 f4 14. Nd3 Rf7 15. c5 Bf8 16. Na4 g5 17. b5 Nb8 18. c6 h5 19. Ne1 g4 20. Nc3 b6 21. a4 Rg7 22. Kh1 g3 23. h3 Nh7 24. Rg1 Qh4 25. Bf1 Ng5 26. Rb2 Bxh3 27. gxh3 Nxh3 28. Bxh3 Qxh3+ 29. Qh2 gxh2 30. Rxh2 Qc8 31. Rxh5 Rxg1+ 32. Kxg1 a6 33. Bb2 axb5 34. axb5 Qe8 35. Rh4 Be7 36. Rg4+ Kf7 37. Nd3 Qh8 38. Kg2 Bh4 39. Ne2 Ra2 40. Nec1 Ra5 41. Rxf4+ Ke7 42. Rg4 Rxb5 43. Bc3 Na6 44. f4 Bf6 45. fxe5 Bxe5 46. Nxe5 dxe5 47. Rg5 Qh4 48. Rxe5+ Kd8 49. Re6 Qg4+ 50. Kf2 Qh4+ 51. Kg2 Qg5+ 52. Kf3 Qh5+ 53. Kg3 Nc5 54. Bf6+ Kc8 55. Re5 Qg6+ 56. Bg5 Nxe4+ 57. Kf4 Nxg5 0-1

[Event "Trieste op 4th"]
[Site "Trieste"]
[Date "2002.10.27"]
[Round "2"]
[White "De Val, Daniele"]
[Black "Miele, Roberto"]
[Result "1-0"]
[WhiteElo "1969"]
[BlackElo "1705"]
[PlyCount "75"]
[EventDate "2002.10.26"]
[EventType "swiss"]
[EventRounds "7"]
[EventCountry "ITA"]
[SourceTitle "EXT 2005"]
[Source "ChessBase"]
[SourceDate "2004.11.15"]
[SourceVersion "1"]
[SourceVersionDate "2004.11.15"]
[SourceQuality "1"]

1. d4 Nf6 2. c4 g6 3. Nc3 Bg7 4. e4 d6 5. f4 0-0 6. Nf3 Bg4 7. Be2 Bxf3 8. Bxf3 e5 9. fxe5 dxe5 10. d5 Ne8 11. 0-0 Nd7 12. Be3 Qe7 13. a3 Nd6 14. Qd3 b6 15. b4 Nb7 16. Na4 f5 17. Qc2 f4 18. Bf2 Nf6 19. c5 g5 20. Qe2 Qe8 21. Nc3 a5 22. g4 fxg3 23. hxg3 Qg6 24. Nb5 Rf7 25. d6 cxd6 26. c6 Nd8 27. c7 Ne6 28. Rac1 Rc8 29. Nxd6 Rcxc7 30. Nxf7 Rxf7 31. Rc8+ Bf8 32. Qc4 Nd4 33. Bxd4 exd4 34. e5 b5 35. Qe6 Qd3 36. exf6 g4 37. Rxf8+ Kxf8 38. Qc8# 1-0